Every Olympic sport ever - Statistics

General Stats
  • This quiz has been taken 51 times
    25 since last reset
  • The average score is 31 of 107
Answer Stats
First Held Most Recently Held Official/Demo/Unofficial/Discontinued? Sport Code Discipline/Sport % Correct
1896 2024 Official Aquatics SWM Swimming
95%
1904 2024 Official + Set to be Discontinued BOX Boxing
90%
1904 2024 Official Aquatics DIV Diving
90%
1900 2024 Official FBL Football
81%
1936 2024 Official Basketball BKB Basketball
76%
1900 2024 Official GLF Golf
76%
1964 2024 Official JUD Judo
76%
1900 2024 Official ARC Archery
71%
1896 2024 Official ATH Athletics
71%
1896 2024 Official FEN Fencing
67%
1908 2024 Official HOC Field Hockey
67%
1900 2024 Official ROW Rowing
67%
1900 2024 Official Aquatics WPO Water Polo
67%
1992 2028 Official + Planned Reintroduction BSB Baseball
62%
1996 2024 Official Volleyball VBV Beach
62%
1924 1924 Official + Discontinued IHO Ice Hockey
62%
1900 2024 Official SAL Sailing
57%
1896 2024 Official TEN Tennis
57%
1992 2024 Official BDM Badminton
52%
2020 2020 Official + Discontinued KTE Karate
52%
1896 2024 Official SHO Shooting
52%
2020 2024 Official SKB Skateboarding
52%
2020 2024 Official SRF Surfing
52%
1900 1936 Official + Discontinued POL Polo
48%
2000 2024 Official TKW Taekwondo
48%
1896 2024 Official Gymnastics GAR Artistic
43%
1900 2028 Official + Planned Reintroduction CKT Cricket
43%
1912 2024 Official Equestrian EDR Dressage
43%
1936 1936 Official Handball HBL Field
43%
1912 2024 Official Equestrian EJP Jumping
43%
1988 2024 Official TTE Table Tennis
43%
2000 2024 Official TRI Triathlon
43%
1896 2024 Official WLF Weightlifting
43%
2024 2024 Official BKG Breaking
38%
1900 1900 Official + Discontinued CQT Croquet
38%
1904 2024 Official Wrestling WRE Freestyle
38%
2016 2024 Official Rugby RU7 Sevens
38%
1996 2020 Official + Planned Reintroduction SBL Softball
38%
2020 2024 Official Basketball BK3 3x3
33%
1912 2024 Official Equestrian EVE Eventing
33%
1896 2024 Official Wrestling WRG Greco-Roman
33%
1972 2024 Official Handball HBL Indoor
33%
1964 2024 Official Volleyball VVO Indoor
33%
1984 2024 Official Gymnastics GRY Rhythmic
33%
1972 2024 Official Canoeing CSL Slalom
33%
1896 2024 Official Cycling CTR Track
33%
1984 2024 Official Aquatics SWA Artistic Swimming
29%
1996 2024 Official Cycling MTB Mountain Bike
29%
1896 2024 Official Cycling CRD Road
29%
1936 2024 Official Canoeing CSP Sprint
29%
1900 1920 Official + Discontinued TOW Tug of War
29%
1904 2028 Official + Planned Reintroduction LAX Lacrosse
24%
2008 2024 Official Aquatics OWS Marathon Swimming
24%
1912 2024 Official MPN Modern Pentathlon
24%
2020 2024 Official CLB Sport Climbing
24%
2028 2028 Official + Planned Squash
24%
2000 2024 Official Gymnastics GRT Trampoline
24%
1900 1924 Official Rugby RUG Union
19%
1920 1920 Official Equestrian EVL Vaulting
19%
1904 1932 Demonstration American Football
14%
2020 2024 Official Cycling BMF BMX Freestyle
14%
2008 2024 Official Cycling BMX BMX Racing
14%
2000 2000 Unofficial Chess
14%
1972 1972 Demonstration Water Skiing
14%
1956 1956 Demonstration Australian Football
10%
1900 1900 Unofficial Ballooning
10%
1900 1900 Official + Discontinued PEL Basque Pelota
10%
1900 1900 Unofficial Boules
10%
1908 1924 Official + Discontinued FSK Figure Skating
10%
2028 2028 Official + Planned Flag Football
10%
1904 1904 Unofficial Gaelic Football
10%
1908 1908 Official + Discontinued Jeu de Paume
10%
1908 1908 Official + Discontinued RQT Rackets
10%
1936 2008 Unofficial Wushu
10%
1936 1936 Unofficial Aeronautics
5%
1924 1936 Unofficial Alpinism
5%
1900 1900 Unofficial Angling
5%
1912 1948 Unofficial Art Competitions
5%
1988 1988 Unofficial Bowling
5%
1964 1964 Demonstration Budo
5%
1900 1900 Unofficial Cannon Shooting
5%
1908 1908 Unofficial Cycle Polo
5%
1900 1900 Official Equestrian EVD Driving
5%
1900 1900 Unofficial Fire Fighting
5%
1936 1936 Demonstration Gliding
5%
1908 1912 Unofficial Glima
5%
1912 1912 Unofficial Gotland Sports
5%
1904 1904 Unofficial Hurling
5%
1936 1936 Unofficial Indian Sports
5%
1928 1928 Unofficial Kaatsen
5%
1900 1900 Unofficial Kite Flying
5%
1920 1928 Demonstration Korfball
5%
1924 1924 Demonstration La canne
5%
1900 1900 Unofficial Life Saving
5%
1900 1900 Unofficial Longue paume
5%
1900 1900 Unofficial Military Exercise
5%
1900 1900 Unofficial Motorcycle Racing
5%
1900 1936 Unofficial Motor Racing
5%
1952 1952 Demonstration Pesapallo
5%
1900 1900 Unofficial Pigeon Racing
5%
1908 1908 Unofficial Pistol Dueling
5%
1992 1992 Demonstration Roller Hockey
5%
1904 1904 Official + Discontinued Roque
5%
1924 1924 Demonstration Savate
5%
1948 1948 Demonstration Swedish Gymnastics
5%
1908 1908 Official + Discontinued PBT Water Motorsports
5%
1984 2004 Unofficial Wheelchair Racing
5%
No matching quizzes found
Score Distribution
Percent of People with Each Score
Percentile by Number Answered
Your Score History
You have not taken this quiz since the last reset